<?xml version="1.0" encoding="UTF-8"?>
<marc:record xmlns:marc="http://www.loc.gov/MARC21/slim">
   <marc:leader>00000nam a2200000 a 4500</marc:leader>
   <marc:datafield ind1="1" ind2=" " tag="100">
      <marc:subfield code="a">Hoffmann, Ulf</marc:subfield>
      <marc:subfield code="4">aut</marc:subfield>
      <marc:subfield code="e">Verfasser/-in</marc:subfield>
   </marc:datafield>
   <marc:datafield ind1="0" ind2="0" tag="245">
      <marc:subfield code="a">Schritt für Schritt ins Internet</marc:subfield>
   </marc:datafield>
   <marc:datafield ind1="0" ind2="0" tag="245">
      <marc:subfield code="c">Ulf Hoffmann. Stiftung Warentest</marc:subfield>
   </marc:datafield>
   <marc:datafield ind1=" " ind2="1" tag="264">
      <marc:subfield code="a">Berlin</marc:subfield>
      <marc:subfield code="b">Stiftung Warentest</marc:subfield>
      <marc:subfield code="c">2011</marc:subfield>
   </marc:datafield>
   <marc:datafield ind1="1" ind2=" " tag="490">
      <marc:subfield code="a">PC-Schule für Senioren</marc:subfield>
   </marc:datafield>
   <marc:datafield ind1="1" ind2=" " tag="520">
      <marc:subfield code="a">Angaben aus der Verlagsmeldung

Schritt für Schritt ins Internet : PC-Schule für Senioren

Der Dauerbrenner aus der Reihe »PC-Schule für Senioren« wurde gründlich modernisiert und überarbeitet. Der Ratgeber hilft Anfängern, den Rechner kennenzulernen und die Verbindung mit dem Internet einzurichten, zeigt einerseits die ersten Schritte mit dem Browser, aber auch die Fülle des Internets – von Suchmaschinen bis zum Video-Chat. Weiterhin finden Sie Informationen über Multimediafunktionen und die neuen Kommunikationsmittel wie Onlinenetzwerke und Videogespräche übers Internet. Mit zahlreichen praktischen Tipps und Hilfen zur Sicherheit beim Surfen.
</marc:subfield>
   </marc:datafield>
   <marc:datafield ind1=" " ind2=" " tag="020">
      <marc:subfield code="a">9783868512106</marc:subfield>
      <marc:subfield code="9">9783868512106</marc:subfield>
   </marc:datafield>
   <marc:datafield ind1=" " ind2=" " tag="041">
      <marc:subfield code="a">ger</marc:subfield>
   </marc:datafield>
   <marc:datafield ind1=" " ind2=" " tag="300">
      <marc:subfield code="a">176 S.</marc:subfield>
   </marc:datafield>
</marc:record>
